[Event "MCR mladeze 2019 - D12"]
[Site "Kouty nad Desnou"]
[Date "2019.03.15"]
[Round "8"]
[White "Spacilova, Klara"]
[Black "Sehnoutkova, Laura"]
[Result "1-0"]
[WhiteElo "1061"]
[BlackElo "1071"]
[EventDate "2019.03.09"]

1. e4  c5  2. Nf3  Nc6
3. c3  g6  4. d4
cxd4  5. cxd4  Bg7
6. Nc3  d6  7. Be3
Bg4  8. Be2  Bxf3
9. Bxf3  Nf6  10. O-O
O-O  11. Qd2  Qd7
12. Rad1  Rad8  13. Bh6
Ng4  14. Bxg7  Kxg7
15. h3  Nf6  16. Rfe1
e5  17. dxe5  dxe5
18. Qxd7  Rxd7  19. Rxd7
Nxd7  20. Rd1  Nf6
21. g4  Nd4  22. Bg2
Rd8  23. Kf1  a6
24. Ne2  b5  25. f4
Rd7  26. fxe5  Ne8
27. Nxd4  Nc7  28. Ne6+
Kh6  29. Rxd7  Nxe6
30. Rxf7  Nc5  31. Rc7
Ne6  32. Rc6  Ng7
33. Rxa6  b4  34. e6
Kg5  35. a3  b3
36. a4  Ne8  37. a5  Kf6
38. Rb6  Ke7  39. a6
h5  40. a7  hxg4
41. a8=Q  1-0

[Event "MCR mladeze 2019 - D12"]
[Site "Kouty nad Desnou"]
[Date "2019.03.15"]
[Round "8"]
[White "Sikorova, Jana"]
[Black "Stavova, Marketa"]
[Result "1/2-1/2"]
[WhiteElo "1198"]
[BlackElo "1178"]
[EventDate "2019.03.09"]

1. d4  d5  2. Bf4  Nf6
3. e3  Bf5  4. Nf3
e6  5. c4  c5
6. Nc3  Nc6  7. cxd5  exd5
8. Be2  Bd6  9. Bg3
Qd7  10. O-O  O-O
11. Rc1  b6  12. b3
Rfe8  13. Na4  cxd4
14. exd4  Rac8  15. Bb5
Re6  16. Bxd6  Qxd6
17. Ne5  Ne7  18. Rxc8+
Nxc8  19. Nc3  Ne7
20. Re1  Ng6  21. Nxg6
Bxg6  22. Qc1  h6
23. Re2  Bf5  24. Qe1
Qb4  25. Rxe6  Bxe6
26. Bd3  Qxd4  27. Be2
Qe5  28. Qd2  d4
29. Nb5  a5  30. Nxd4
Bg4  31. Bxg4  Nxg4
32. Nf3  Qa1+  33. Ne1
Qe5  34. Nf3  Qa1+
35. Ne1  Qe5  36. Nf3
1/2-1/2

[Event "MCR mladeze 2019 - D12"]
[Site "Kouty nad Desnou"]
[Date "2019.03.15"]
[Round "8"]
[White "Dobsa, Emma"]
[Black "Ticha, Sofie"]
[Result "1-0"]
[WhiteElo "1297"]
[BlackElo "1307"]
[EventDate "2019.03.09"]

1. e4  c5  2. Nf3  e6
3. d4  cxd4  4. Nxd4
Nc6  5. Nb5  Qa5+
6. N1c3  Nf6  7. Bd2
Qd8  8. Bf4  e5
9. Bg5  Be7  10. Nd6+  Bxd6
11. Qxd6  Qe7  12. Nb5
O-O  13. O-O-O  Qxd6
14. Nxd6  Rd8  15. Bc4
Kf8  16. Nxf7  Re8
17. Nd6  Rd8  18. Be3
b6  19. f4  Rb8
20. Nxc8  Rdxc8  21. Ba6  Rc7
22. fxe5  Nxe5  23. Bf4
Re8  24. Rhf1  Rc5
25. g4  Kg8  26. g5
Nh5  27. Bxe5  Rcxe5
28. Rxd7  Rxg5  29. Rxa7
Rg2  30. Bc4+  Kh8
31. Bf7  Rf8  32. Bc4
Re8  33. Rf3  h6
34. Bf7  Rg1+  35. Kd2
Rd8+  36. Rd3  Rxd3+
37. cxd3  Rg2+  38. Kc3
Rxh2  39. Bg6  Nf6
40. Ra8+  Ng8  41. Bf7
Kh7  42. Bxg8+  Kg6
43. Ra6  h5  44. Rxb6+
Kg5  45. e5  Re2
46. e6  Kf6  47. Rb7
h4  48. Rf7+  Kg6
49. Rf4  h3  50. Rh4
h2  51. e7  Kg5
52. Rxh2  Rxe7  53. b4  Rc7+
54. Bc4  Kf5  55. b5
Ke5  56. b6  Rb7
57. Rb2  Kd6  58. a4
Kc6  59. a5  g5
60. a6  Rxb6  61. Rxb6+  Kxb6
62. Kd2  g4  63. Ke2
g3  64. Kf3  g2
65. Kxg2  Ka7  66. d4  Kb8
67. d5  Kc7  68. Kf3
Kb8  69. Ke4  Kc7
70. Ke5  Kb8  71. d6
Kc8  72. Ke6  Kb8
73. d7  Kc7  74. Ke7
Kb8  75. d8=Q+ Ka7  76. Qc7+
Ka8  77. Bd5#  1-0

[Event "MCR mladeze 2019 - D12"]
[Site "Kouty nad Desnou"]
[Date "2019.03.15"]
[Round "8"]
[White "Barteckova, Denisa"]
[Black "Hrbkova, Johana"]
[Result "1-0"]
[WhiteElo "1136"]
[BlackElo "1179"]
[EventDate "2019.03.09"]

1. e4  e5  2. Nf3  Nc6
3. Nc3  Nf6  4. Bb5
Bb4  5. O-O  O-O
6. d3  d6  7. Bg5
Bxc3  8. bxc3  Bg4
9. h3  Bh5  10. Qe2
h6  11. Bh4  Qe7
12. Qe3  Qe6  13. Bc4
Qe7  14. Bd5  Na5
15. d4  exd4  16. cxd4
c6  17. Bb3  Nxb3
18. Bxf6  Qxf6  19. axb3
Bxf3  20. gxf3  Qg6+
21. Kh2  f5  22. e5
dxe5  23. Qxe5  Rae8
24. Qc5  b6  25. Qc4+
Re6  26. Rg1  Qf6
27. Rxa7  Kh8  28. Rgxg7
Rfe8  29. Rh7+  Kg8
30. Rag7+  Qxg7  31. Rxg7+
Kxg7  32. c3  Re2
33. Kg2  R8e6  34. d5
cxd5  35. Qxd5  R6e3
36. Qd4+  Re5  37. f4
R2e4  38. Qxe5+  Rxe5
39. fxe5  Kf7  40. Kf3
Ke6  41. Kf4  h5
42. h4  b5  43. f3
Kd5  44. Kxf5  Kc5
45. e6  Kd6  46. Kf6
Kc5  47. e7  Kd5
48. e8=Q  Kc5  49. Qxh5+
Kb6  50. Qd5  Ka5
51. b4+  Ka4  52. Qa2# 1-0

[Event "MCR mladeze 2019 - D12"]
[Site "Kouty nad Desnou"]
[Date "2019.03.15"]
[Round "8"]
[White "Souralova, Jana"]
[Black "Stribna, Julie"]
[Result "0-1"]
[WhiteElo "1178"]
[BlackElo "1034"]
[EventDate "2019.03.09"]

1. e4  e5  2. Nf3  Nc6
3. Nc3  Bc5  4. Nxe5
Nxe5  5. d4  Bxd4
6. Qxd4  f6  7. Bc4
Ne7  8. Bb3  d6
9. Be3  Bh3  10. Qa4+  Bd7
11. Qb4  b6  12. O-O-O
c5  13. Qa3  Bc6
14. Ba4  Bxa4  15. Qxa4+
N7c6  16. Nb5  O-O
17. Nxd6  Qc7  18. Nf5
Rad8  19. Qb3+  Kh8
20. f4  Nf7  21. Bd2
Nd4  22. Nxd4  Rxd4
23. Qe3  Re8  24. Qg3
Rdxe4  25. Rhe1  Rxe1
26. Rxe1  Rd8  27. Qe3
h6  28. Qe4  Qd7
29. Rd1  h5  30. Qg6
Qd5  31. f5  Qxa2
32. Qxh5+  Kg8  33. c3
Qa1+  34. Kc2  Qa4+
35. Kb1  Qe4+  36. Kc1
Qxg2  37. h4  Ne5
38. Bf4  Nd3+  39. Kb1
Qxb2#  0-1

[Event "MCR mladeze 2019 - D14"]
[Site "Kouty nad Desnou"]
[Date "2019.03.15"]
[Round "8"]
[White "Strnadova, Monika"]
[Black "Lhotska, Anna"]
[Result "1/2-1/2"]
[WhiteElo "1521"]
[BlackElo "1845"]
[EventDate "2019.03.09"]

1. e4  c5  2. Nf3  d6
3. d4  cxd4  4. Nxd4
Nf6  5. Nc3  Nc6
6. Bg5  e6  7. Qd2
a6  8. O-O-O  Bd7
9. f4  b5  10. Bxf6
gxf6  11. Kb1  Qb6
12. Nce2  h5  13. h4
b4  14. Nxc6  Bxc6
15. Qd4  Qxd4  16. Rxd4
d5  17. exd5  Bxd5
18. Rh3  Bc5  19. Rd1
Rd8  20. Rhd3  Ke7
21. f5  Bc4  22. Rxd8
Rxd8  23. Rxd8  Kxd8
24. fxe6  fxe6  25. Nf4
Be3  26. Bxc4  Bxf4
27. Bxe6  Ke7  28. Bc4
a5  29. Be2  Bg3
30. Bxh5  Bxh4  31. Kc1
Kd6  32. Kd2  Kc5
33. Kd3  1/2-1/2

[Event "MCR mladeze 2019 - D14"]
[Site "Kouty nad Desnou"]
[Date "2019.03.15"]
[Round "8"]
[White "Vankova, Marie"]
[Black "Stastna, Martina"]
[Result "0-1"]
[WhiteElo "1341"]
[BlackElo "1660"]
[EventDate "2019.03.09"]

1. e4  d6  2. d4  Nf6
3. Nc3  e5  4. dxe5
dxe5  5. Qxd8+  Kxd8
6. Bg5  Be6  7. O-O-O+
Bd6  8. Nb5  Ke7
9. Nxd6  cxd6  10. Nf3
Nbd7  11. Nd2  h6
12. Bh4  g5  13. Bg3
Nh5  14. Nc4  Bxc4
15. Bxc4  Nxg3  16. hxg3
Nf6  17. f3  Rac8
18. Bb3  Ne8  19. Rd2
Ng7  20. g4  h5
21. gxh5  Nxh5  22. Rhd1  Rcd8
23. Bd5  b6  24. Rd3
Nf4  25. Ra3  Rd7
26. g4  f6  27. Bc4
Rc7  28. Bd5  Rh2
29. Rd2  Rh1+  30. Rd1
Rxd1+  31. Kxd1  Nxd5
32. exd5  f5  33. gxf5
Kf6  34. Kd2 Kxf5  35. Ra4
a5  36. Kd3  Rc5
37. c4  b5  38. cxb5
Rxd5+  39. Ke3  Rxb5
40. b3  d5  41. Kd3
Kf6  42. Kd2  Ke6
43. Rg4  Kf5  44. Ra4
d4  45. Rc4  Kf4
46. Ke2  g4  47. fxg4
Kxg4  48. Kd3  Kf5
49. Rc8  Ke6  50. Ke4
Kd7  51. Rh8  Rc5
52. Rh3  Kc6  53. a4
Rc3  54. Rh6+  Kc5
55. Kxe5  Re3+  56. Kf4
Rxb3  57. Rh5+  Kb4
58. Rd5  Kxa4  59. Ke4
d3  60. Ke3  Kb4
61. Rd4+  Kc3  62. Rxd3+
Kc2  63. Rxb3  Kxb3
64. Kd2  Kb2  0-1

[Event "MCR mladeze 2019 - D14"]
[Site "Kouty nad Desnou"]
[Date "2019.03.15"]
[Round "8"]
[White "Sulcova, Tereza Radmila"]
[Black "Voriskova, Anna"]
[Result "0-1"]
[WhiteElo "1268"]
[BlackElo "1603"]
[EventDate "2019.03.09"]

1. d4  Nf6  2. Nf3  g6
3. e3  Bg7  4. Bd3
c5  5. c3  b6
6. Nbd2  Bb7  7. O-O  O-O
8. Qc2  d6  9. e4
Qc7  10. d5  Nbd7
11. Rb1  Rac8  12. Qa4
Ra8  13. b4  a6
14. c4  Rfb8  15. Ba3  Bc8
16. Rfc1  Ng4  17. Be2
Nge5  18. Qc2  Nxf3+
19. Nxf3  Ne5  20. Nd2
f5  21. f3  Bd7
22. Bb2  fxe4  23. fxe4  cxb4
24. Bxe5  Bxe5  25. Rxb4
Qc5+  26. Kh1  Qxb4
27. Rb1  Qc5  28. Nf3
Bg7  29. Qd2  b5
30. Rc1  Qb6  31. Bf1
Rc8  32. Qb4  Rab8
33. Rb1  Qa7  34. Rc1
bxc4  35. Qa3  c3
36. Ne1  c2  37. Rxc2
Rxc2  38. Nxc2  Rb1
39. Qd3  Bb5  40. Qf3
Rxf1+  41. Qxf1  Bxf1
0-1

[Event "MCR mladeze 2019 - D14"]
[Site "Kouty nad Desnou"]
[Date "2019.03.15"]
[Round "8"]
[White "Trasakova, Adela"]
[Black "Zemanova, Nikola"]
[Result "1-0"]
[WhiteElo "1579"]
[BlackElo "1387"]
[EventDate "2019.03.09"]

1. d4  Nf6  2. Bf4  g6
3. Nf3  Bg7  4. Nbd2
d5  5. e3  O-O
6. Bd3  Nc6  7. c3  e6
8. e4  dxe4  9. Nxe4
Nxe4  10. Bxe4  Ne7
11. Qd2  Re8  12. O-O-O
Nf5  13. h4  h5
14. Rdg1  f6  15. g4  hxg4
16. Rxg4  e5  17. dxe5
Qxd2+  18. Bxd2  Nd6
19. Bd5+  Nf7  20. Rxg6
Bf5  21. Rg3  c6
22. exf6  cxd5  23. Rxg7+
Kf8  24. Rhg1  Nd6
25. Bh6  1-0

[Event "MCR mladeze 2019 - D14"]
[Site "Kouty nad Desnou"]
[Date "2019.03.15"]
[Round "8"]
[White "Ruzickova, Ema"]
[Black "Dudova, Pavlina"]
[Result "1/2-1/2"]
[WhiteElo "1363"]
[BlackElo "1505"]
[EventDate "2019.03.09"]

1. e4  e5  2. Nf3  Nc6
3. Bb5  a6  4. Ba4
Nf6  5. O-O  Be7
6. Re1  b5  7. Bb3
O-O  8. d3  d6
9. Bd2  Be6  10. Bxe6  fxe6
11. c3  Qd7  12. d4
exd4  13. cxd4  d5
14. e5  Ne4  15. Be3
Na5  16. b3  Nb7
17. Nfd2  Nxd2  18. Nxd2
c5  19. Nf3  c4
20. Rc1  Na5  21. Qd2  Nc6
22. Qd1  Nb4  23. Re2
Nd3  24. Rcc2  Rf7
25. Ng5  Rf5  26. Nf3
Qe8  27. Ne1  Nf4
28. Bxf4  Rxf4  29. g3
Qg6  30. Ng2  Rf3
31. bxc4  bxc4  32. Re3
Rxe3  33. Nxe3  Bg5
34. Ng2  Qe8  35. f4
Be7  36. Qf3  Qf7
37. Rxc4  Qf5  38. Rc7
Bf8  39. Qb3  Qe4
40. Qb6  Re8  41. a4
Qd3  42. Qb2  Qd1+
43. Kf2  Qxa4  44. Ke3
a5  45. Qb6  Qa3+
46. Ke2  Qa2+  47. Kf3
Qd2  48. Rc8  Qd1+
49. Kf2  Qd2+  50. Kf3
Qd1+  51. Kf2  Qd2+ 1/2-1/2

[Event "MCR mladeze 2019 - D14"]
[Site "Kouty nad Desnou"]
[Date "2019.03.15"]
[Round "8"]
[White "Pejrimovska, Viola Ruby"]
[Black "Jirotova, Eliska"]
[Result "1-0"]
[WhiteElo "1486"]
[BlackElo "1250"]
[EventDate "2019.03.09"]

1. e4  e6  2. Nf3  d5
3. e5  Nd7  4. Be2
Ne7  5. O-O  Ng6
6. d4  c5  7. c3
Be7  8. b3  O-O
9. Bb2  Nf4  10. Na3  Nxe2+
11. Qxe2  b6  12. Rac1
Bb7  13. Rfd1  Rc8
14. Nc2  Re8  15. Ne3
Nf8  16. c4  Ng6
17. dxc5  Rxc5  18. cxd5
Nf4  19. Qf1  Nxd5
20. Rxc5  Bxc5  21. Nxd5
Bxd5  22. Qd3  h6
23. Qe2  Qa8  24. Ne1
Rd8  25. Qg4  a6
26. Bc1  Kf8  27. Nc2
Bxg2  28. Rxd8+  Qxd8
29. Kxg2  Qd5+  30. Qf3
Qxe5  31. b4  Bd6
32. h3  Qh2+  33. Kf1
Qe5  34. a3  Qb5+
35. Kg2  Qe5  36. Be3
Qh2+  37. Kf1  Qe5
38. Nd4  f6  39. Qa8+
Kf7  40. Qb7+  Kg6
41. Qd7  Kh7  42. Nxe6
Qb5+  43. Qxb5  axb5
44. Bxb6  Be5  45. Nd4
Bxd4  46. Bxd4  Kg6
47. a4  bxa4  48. b5
Kf5  49. b6  1-0

[Event "MCR mladeze 2019 - D14"]
[Site "Kouty nad Desnou"]
[Date "2019.03.15"]
[Round "8"]
[White "Habinova, Alice"]
[Black "Semova, Lada"]
[Result "1-0"]
[WhiteElo "1409"]
[BlackElo "1441"]
[EventDate "2019.03.09"]

1. e4  c5  2. d4  cxd4
3. c3  dxc3  4. Nxc3
e6  5. Nf3  Nc6
6. Bc4  Nge7  7. Bf4  a6
8. a4  Ng6  9. Bg3
Be7  10. O-O  O-O
11. Qd2  Na5  12. Ba2
Qb6  13. Rfd1  Nb3
14. Bxb3  Qxb3  15. h4
h5  16. Qe2  Qb6
17. e5  Qd8  18. Qe4
Rb8  19. Rac1  b6
20. Qc4  Bb7  21. Ne4
Rc8  22. Qd4  Rxc1
23. Rxc1  Qa8  24. Ned2
Qd8  25. b4  b5
26. axb5  axb5  27. Ra1  Bc6
28. Kh2  f6  29. Ra6
f5  30. Kh3  f4
31. Bh2  Bxh4  32. Qd3  Bxf3
33. Nxf3  Rf5  34. Rxe6
Rg5  35. Nxg5  Qxg5 36. Rxg6
1-0

[Event "MCR mladeze 2019 - D14"]
[Site "Kouty nad Desnou"]
[Date "2019.03.15"]
[Round "8"]
[White "Hosova, Sandra"]
[Black "Maresova, Michaela"]
[Result "0-1"]
[WhiteElo "1148"]
[BlackElo "1335"]
[EventDate "2019.03.09"]

1. d4 Nf6 2. Bf4 c5 3. e3 d6 4. c3 Qb6 5. Qc2 g6 6. Bd3 Bg7 7. Nd2 Nc6 8. Nc4 Qd8
9. f3 b5 10. Nd2 c4 11. Be2 e5 12. dxe5 dxe5 13. Bg3 Nd5 14. Bf2 O-O 15. O-O-O
Be6 16. Nxc4 bxc4 17. e4 Qg5+ 18. Qd2 Qxd2+ 19. Kxd2 Nf6 20. Kc2 Rfd8 21. Rf1 Bh6
22. Be1 Rd7 23. g4 Be3 24. h4 h5 25. gxh5 Nxh5 26. Nh3 Bxh3 27. Rxh3 Nf4 28. Rh2
Nxe2 29. Rxe2 Bh6 30. Rg2 Kf8 31. h5 gxh5 32. Rh1 Bf4 33. Rxh5 Ke7 34. Bh4+ Kd6
35. b3 cxb3+ 36. axb3 Rc8 37. Bf6 Kc7 38. Kb2 Kb7 39. Kc2 Nb4+ 40. Kb2 Nd3+ 41.
Ka3 Bc1+ 42. Ka2 Nf4 43. Rh1 Nxg2 44. Rxc1 Rd3 45. Bxe5 Rxf3 46. Bd4 Rf4 47. e5
Rxd4 0-1

[Event "MCR mladeze 2019 - D14"]
[Site "Kouty nad Desnou"]
[Date "2019.03.15"]
[Round "8"]
[White "Fizerova, Lucie"]
[Black "Nespora, Tatana"]
[Result "1-0"]
[WhiteElo "1537"]
[BlackElo "1319"]
[EventDate "2019.03.09"]

1. e4  c5  2. Nf3  e6
3. Nc3  d6  4. d4
cxd4  5. Nxd4  Nf6
6. g4  Be7  7. g5
Nfd7  8. h4  b6
9. Be3  Bb7  10. Qe2  Qc7
11. O-O-O  Nc6  12. f4
O-O-O  13. Ndb5  Qb8
14. f5  Nc5  15. Bh3
a6  16. Nd4  Nb4
17. fxe6  f6  18. Nf5
Qc7  19. a3  Nc6
20. Nd5  Nd4  21. Nfxe7+
Kb8  22. Bxd4  Bxd5
23. Nxd5  Qb7  24. gxf6
gxf6  25. Bxf6  Rdf8
26. Bxh8  Rxh8  27. e7
Re8  28. Qh5  Qc6
29. Rhf1  Nxe4  30. Qxe8+
Qxe8  31. Rf8  1-0

[Event "MCR mladeze 2019 - D14"]
[Site "Kouty nad Desnou"]
[Date "2019.03.15"]
[Round "8"]
[White "Pluharova, Asja"]
[Black "Smajzrova, Dominika"]
[Result "0-1"]
[WhiteElo "1143"]
[BlackElo "1400"]
[EventDate "2019.03.09"]

1. e4 e5 2. Nf3 Nf6 3. Nc3 Nc6 4. d4 exd4 5. Nxd4 Bb4 6. Nxc6 bxc6 7. Bd3 O-O 8.
O-O d5 9. exd5 cxd5 10. Bg5 c6 11. Qf3 Bd6 12. Bxf6 Qxf6 13. Qxf6 gxf6 14. Rfe1
Rb8 15. Rab1 Be6 16. a3 Rfe8 17. b4 c5 18. Nb5 Bf8 19. Nxa7 c4 20. Be2 Rb6 21. a4
Bxb4 22. Red1 Bf5 23. Rxd5 Bxc2 24. Rc1 Rxe2 25. a5 Ra6 26. Rd8+ Kg7 27. Nc8 Rae6
28. h3 Re1+ 29. Rxe1 Rxe1+ 30. Kh2 Bxa5 31. Rd4 Bc7+ 32. f4 Re4 33. Rxe4 Bxe4 34.
Kg1 c3 35. Kf2 c2 36. Ke3 c1=Q+ 37. Kxe4 Qxf4+ 38. Kd5 Kf8 39. Kc6 Ke8 40. Kb5
Kd7 41. Ka6 Qc4+ 42. Kb7 Qc6+ 43. Ka7 Kxc8 44. g3 Qb7# 0-1

[Event "MCR mladeze 2019 - D14"]
[Site "Kouty nad Desnou"]
[Date "2019.03.15"]
[Round "8"]
[White "Merinska, Julie"]
[Black "Markova, Karolina"]
[Result "1-0"]
[WhiteElo "1044"]
[BlackElo "1474"]
[EventDate "2019.03.09"]

1. e4 c5 2. c3 Nc6 3. d4 cxd4 4. cxd4 d6 5. Nf3 g6 6. Nc3 Bg7 7. Bb5 a6 8. Bxc6+
bxc6 9. O-O Nf6 10. e5 Nd5 11. Nxd5 cxd5 12. h3 O-O 13. Bf4 dxe5 14. Bxe5 Qb6 15.
Qe2 e6 16. Bxg7 Kxg7 17. Rfe1 Bd7 18. Ne5 Bb5 19. Qd2 Rfc8 20. Ng4 Qd8 21. Rac1
Rc4 22. Qf4 Bd7 23. Ne5 Be8 24. Nxc4 dxc4 25. Rxc4 Rc8 26. Rec1 Rxc4 27. Rxc4 Qb6
28. Rc8 Bc6 29. Qd6 Qxb2 30. Rxc6 Qxa2 31. Qe5+ Kh6 32. Qf4+ Kg7 33. Rc7 Qb1+ 34.
Kh2 1-0

[Event "MCR mladeze 2019 - D14"]
[Site "Kouty nad Desnou"]
[Date "2019.03.15"]
[Round "8"]
[White "Nagyova, Daniela"]
[Black "Stastna, Alena"]
[Result "1-0"]
[WhiteElo "1397"]
[BlackElo "1126"]
[EventDate "2019.03.09"]

1. e4  c5  2. Nf3  Nc6
3. Bb5  Nf6  4. Nc3
a6  5. Bxc6  bxc6
6. O-O  d6  7. e5
dxe5  8. Nxe5  Qd6
9. Re1  Bf5  10. d3
Nd5  11. Qf3  e6
12. Nxc6  Qxc6  13. Nxd5
Rc8  14. Qxf5 Kd7  15. Qxf7+
Kd8  16. Bg5+  Be7
17. Qxe7#  1-0

[Event "MCR mladeze 2019 - D14"]
[Site "Kouty nad Desnou"]
[Date "2019.03.15"]
[Round "8"]
[White "Vlachynska, Lilian"]
[Black "Zilava, Anezka"]
[Result "1-0"]
[WhiteElo "1108"]
[BlackElo "1267"]
[EventDate "2019.03.09"]

1. e4  e5  2. Nf3  Nc6
3. Nc3  Nf6  4. Bb5
Bc5  5. Nxe5  Nxe5
6. d4  Bd6  7. dxe5
Bxe5  8. Bd3  O-O
9. Bg5  h6  10. Bh4
Re8  11. O-O  d6
12. Qd2  Qd7  13. Rfe1
Qg4  14. Bxf6  Bxf6
15. Nd5  Bg5  16. Qc3
Bd8  17. Nxc7  Bxc7
18. Qxc7  Qd7  19. Qxd7
Bxd7  20. f3  Re7
21. Red1  Rc8  22. c3
Rc5  23. Bc2  Re6
24. Bb3  Rg6  25. Rd2
Kf8  26. Rd5  Rxd5
27. exd5  Bh3  28. g4
f5  29. Bc2  Bxg4
30. fxg4  Rxg4+  31. Kf2
g5  32. Re1  Rf4+
33. Kg2  Rg4+  34. Kh1
f4  35. Bf5  Rh4
36. Rf1  Ke7  37. Kg2
Kf6  38. Be6  b6
39. h3  h5  40. Kf3
1-0

[Event "MCR mladeze 2019 - D16"]
[Site "Kouty nad Desnou"]
[Date "2019.03.15"]
[Round "8"]
[White "Laurincova, Kristyna"]
[Black "Dvorakova, Olga"]
[Result "1-0"]
[WhiteElo "2108"]
[BlackElo "1715"]
[EventDate "2019.03.09"]

1. e4  c6  2. d4  d5
3. Nd2  dxe4  4. Nxe4
Bf5  5. Ng3  Bg6
6. h4  h6  7. f4
e6  8. Nf3  Nd7
9. h5  Bh7  10. Bd3  Bxd3
11. Qxd3  Qc7  12. Bd2
O-O-O  13. Qe2  Ne7
14. O-O-O  g6  15. Ne5
Nxe5  16. dxe5  Nd5
17. Ne4  f5  18. exf6
Nxf4  19. Qf2  g5
20. Qxa7  Nxg2  21. Ba5
Qf4+  22. Kb1  Rd5
23. Nc3  Rxd1+  24. Rxd1
Bd6  25. Na4  Qf3
26. Nb6+  Kc7  27. Nc4+
Kd7  28. Qxb7+  Ke8
29. Nxd6+  1-0

[Event "MCR mladeze 2019 - D16"]
[Site "Kouty nad Desnou"]
[Date "2019.03.15"]
[Round "8"]
[White "Vsetulova, Viktorie"]
[Black "Gregurkova, Nikola"]
[Result "1-0"]
[WhiteElo "1306"]
[BlackElo "1687"]
[EventDate "2019.03.09"]

1. e4  d5  2. exd5  Qxd5
3. Nc3  Qa5  4. d4
Nf6  5. Nf3  Bf5
6. Bc4  e6  7. Bd2
Bb4  8. a3  Bxc3
9. Bxc3  Qb6  10. Qd2
Ne4  11. Qe3  Nxc3
12. Qxc3  Nd7  13. O-O
O-O  14. b4  Nf6
15. Bb3  Rfd8  16. h3
Be4  17. Rad1  c6
18. Ne5  Bd5  19. Bxd5
cxd5  20. Qb3  Rac8
21. Rd3  Ne4  22. Rfd1
Rc7  23. c4  dxc4
24. Nxc4  Qc6  25. Ne3
Rcd7  26. d5  exd5
27. Nxd5  Kf8  28. b5
Qc5  29. Qa2  Nf6
30. Rc3  Qxb5  31. a4
Qa5  32. Qa3+  Ke8
33. Re1+  1-0

[Event "MCR mladeze 2019 - D16"]
[Site "Kouty nad Desnou"]
[Date "2019.03.15"]
[Round "8"]
[White "Otahalova, Nela"]
[Black "Otrubova, Kristyna"]
[Result "0-1"]
[WhiteElo "1343"]
[BlackElo "1680"]
[EventDate "2019.03.09"]

1. Nf3 d5  2. d4  Nc6  3. g3
Bg4  4. Bg2  Qd7
5. h3  Bxf3  6. Bxf3
O-O-O  7. Nc3  e6
8. a3  h5  9. e3
h4  10. g4  Nge7
11. Qe2  e5  12. dxe5
Nxe5  13. Bd2  Nxf3+
14. Qxf3  Nc6  15. O-O-O
Ne5  16. Qg2  Bc5
17. Rhe1  Nc4  18. e4
d4  19. Nd5  Nxa3
20. Nb4  Qa4  21. b3
Qb5  22. Nd3  Be7
23. Qf3  Qc6  24. c3
dxc3  25. Be3  c2
26. Rd2  Qc3  0-1

[Event "MCR mladeze 2019 - D16"]
[Site "Kouty nad Desnou"]
[Date "2019.03.15"]
[Round "8"]
[White "Huskova, Agata"]
[Black "Jankovska, Hana"]
[Result "0-1"]
[WhiteElo "1406"]
[BlackElo "1164"]
[EventDate "2019.03.09"]

1. e4  e6  2. d4  d5
3. exd5  exd5  4. Bd3
c5  5. c3  Nf6
6. h3  Nc6  7. Nf3  c4
8. Bc2  Bd6  9. Be3
O-O  10. O-O  Re8
11. Re1  h6  12. Nbd2
b5  13. Nf1  Qc7
14. Nh4  Ne7  15. Qf3
Ne4  16. Bxe4  dxe4
17. Qxe4  Bd7  18. Qc2
Bf4  19. Qd2  Nd5
20. Bxf4  Nxf4  21. Rxe8+
Rxe8  22. Re1  Rxe1
23. Qxe1  Nd3  24. Qd2
Bc6  25. b3  Qe7
26. bxc4  bxc4  27. Nf3
Bxf3  28. gxf3  Qh4
29. Qe3  g6  30. Ng3
Qxh3  31. f4  Qg4
32. f5  gxf5  33. Qe2
Qg5  34. Kh2  Qh4+
35. Kg1  f4  36. Ne4
Qh3  37. Qf1  Qf5
38. Qg2+  Kh7  39. Nd6
Qg6  40. Qxg6+  fxg6
41. Nxc4  g5  42. Nd6
Kg6  43. Kg2  Kf6
44. Kf3  Ke6  45. Nb5
a5  46. Na3  Kd5 47. Nb1
h5  48. Nd2  g4+
49. Kg2  h4  50. a4
h3+  51. Kg1  g3
52. fxg3  fxg3  53. Nf1
h2+  54. Kg2  Ne1+
55. Kh1  g2+  0-1

[Event "MCR mladeze 2019 - D16"]
[Site "Kouty nad Desnou"]
[Date "2019.03.15"]
[Round "8"]
[White "Tutkova, Ludmila"]
[Black "Rolinkova, Lucie"]
[Result "0-1"]
[WhiteElo "1133"]
[BlackElo "1639"]
[EventDate "2019.03.09"]

1. b3  d5  2. Bb2  c5
3. e3  Nc6  4. Bb5
e6  5. Ne2  Nf6
6. O-O  Bd6  7. Bxc6+  bxc6
8. d3  h5  9. Nd2
g5  10. e4  e5
11. c4  d4  12. Ng3  g4
13. f3  Bf8  14. a3
Bh6  15. b4  Be3+
16. Kh1  cxb4  17. axb4
h4  18. Nf5  g3
19. Nxe3  dxe3  20. Nb3  Qd6
21. d4  Qxb4  22. dxe5
Qxc4  23. Nd4 h3  24. Qc2
hxg2+  25. Kg1  gxf1=Q+
26. Rxf1  Qxc2  27. Nxc2
Rxh2  28. Nxe3  Nxe4
29. fxe4  Rxb2  30. Nc4
Rf2  31. Nd6+  Ke7
32. Nf5+  Bxf5  33. Rxf2
gxf2+  0-1

[Event "MCR mladeze 2019 - D16"]
[Site "Kouty nad Desnou"]
[Date "2019.03.15"]
[Round "8"]
[White "Vavrinkova, Anna"]
[Black "Saskova, Renata"]
[Result "0-1"]
[WhiteElo "1543"]
[BlackElo "1284"]
[EventDate "2019.03.09"]

1. e4  c5  2. Nf3  d6
3. d4  cxd4  4. Nxd4
e6  5. c4  Nf6
6. Nc3  Nc6  7. Be3  Be7
8. Be2  O-O  9. O-O
a6  10. a3  Qc7
11. b4  Ne5  12. Qb3  b6
13. f3  Bd7  14. Rfc1
Rfc8  15. Na4  Qb7
16. Rab1  b5  17. cxb5
axb5  18. Nc3 d5  19. exd5
exd5  20. Bxb5  Bxb5
21. Ncxb5  Nc4  22. Ra1
Nd7  23. Nf5  Re8
24. Nbd4  Bf6  25. Bf2
g6  26. Nh6+  Kf8
27. Ng4  Bg7  28. Ra2
h5  29. Kh1  hxg4
30. fxg4  Nf6  31. Qf3
Qc8  32. Nb5  Qd7
33. a4  Rac8  34. Bc5+
Kg8  35. h3  Ne4
36. Bg1  Qe7  37. Rd1
Red8  38. Na7  Rc7
39. Nb5  Rb7  40. Qb3
Rbb8  41. Bh2  Rbc8
42. a5  Qf6  43. Qe3
Nxe3  0-1

[Event "MCR mladeze 2019 - D16"]
[Site "Kouty nad Desnou"]
[Date "2019.03.15"]
[Round "8"]
[White "Markova, Katerina"]
[Black "Steinova, Kamila"]
[Result "0-1"]
[WhiteElo "1097"]
[BlackElo "1378"]
[EventDate "2019.03.09"]

1. e4  e5  2. f4  Bc5
3. Nf3  d6  4. Nc3
Nc6  5. Bb5  Bd7
6. d3  Nf6  7. Qe2
exf4  8. Bxf4  a6
9. Bc4  Bg4  10. O-O-O
Nd4  11. Qf1  c6
12. Re1  Nxf3  13. gxf3
Bh5  14. e5  dxe5
15. Rxe5+  Be7  16. Qe2
Bg6  17. Bg5  Kd7
18. d4  Bd6  19. Rd1
Kc7  20. Bf4  Re8
21. d5  c5  22. Qe3
Rxe5  23. Bxe5  b6
24. Bb3  Qe8  25. Re1
Bxe5  26. Qxe5+  Qxe5
27. Rxe5  Re8  28. Rxe8
Nxe8  29. Ne4  Nd6
30. Ng3  b5  31. a4
c4  32. Ba2  bxa4
33. Kd2  Kb6  34. c3
Kc5  35. Ke3  Kxd5
36. Ne2  Bc2  37. Nf4+
Ke5  38. Nh5  Nf5+
39. Kf2  g6  40. Ng3
Nxg3  41. hxg3  Bb3
42. Bb1  f5  43. Ke3
a5  44. f4+  Kd5
45. Kd2  h6  46. Kc1
Ke6  47. Kd2  Kf6
48. Ke3  g5  49. fxg5+
Kxg5  50. Kf3  h5
51. Kf2  Kg4  52. Kg2
f4  53. gxf4  Kxf4
54. Bg6  Ke3  55. Kf1
Kd2  56. Bxh5  Kc1
0-1